1753 1599 1992 1051 1183 1284 1147 1119 1390 1799 1085 1485 1390 1944 1168 1236 1366 1304 1743 1990 1039 1071 1533 1747 1435 1791 1817 1468 1368 1462 1387 1459 1533 1112 1119 1202 1375 1347 1465 1832 1638 1421 1898 1661 1300 1804 1821 1441 1026 1630 1655 1306 1106 1939 1746 1471 1391 1839 1781 1556 1621 1768 1623 1795 1762 1797 1257 1446 1755 1934 1153 1886 1296 1835 1223 1157 1750 1286 1133 1022 1506 1312 1922 1126 1142 1178 1464 1842 1788 1837 1066 1855 1919 1189 1222 1948 1031 1491 1017 BCNSPRNW ULIB Ver.6.0+V

เปลี่ยนเป็นภาษาไทย

Change to English
 แสดงรายละเอียดบรรณานุกรม
  กลับหน้าหลัก

Brief Record : Get Marc (ISO 2709) : E-mail record : QR code < ปิดหน้าต่าง
LEADER : 00000nam 2200000uu 4500
001    13399114029
003     ULIB
008    110627s||||||||th 000 0 tha d
020    9786115210015
090    นว.^bณ321ล 2552
100 0  ณัฐกวี
245 00 เล่ห์รัก...แผนพิชิตหัวใจ/^cณัฐกวี
250    พิมพ์ครั้งที่ 1
260    กรุงเทพฯ :^bมธุรดา,^c2552
300    206 หน้า
710 1  มธุรดา
945    ^p149^l0^i026759
995    ทศพร
999 ^a ใช้งานได้ทุกระบบ
รายการนี้ยังไม่มีแท็ก
คุณยังไม่ได้ล็อกอิน คุณสามารถมีกิจกรรมร่วมกับเว็บไซต์ได้ แต่ต้องล็อกอินก่อน ::
  ล็อกอิน

รายการสื่อสารสนเทศ

ลำดับที่ ประเภท เลขเรียก/บาร์โค้ด สถานที่ สถานะ
1. นวนิยาย
นวนิยาย
นว. ณ321ล 2552 ฉ.1 
  Barcode: 026759
ห้องสมุดวิทยาเขตสวรรค์ประชารักษ์
►นวนิยาย
บนชั้น
  ขอยืม

BibComment


ยังไม่เคยถูกคอมเมนท์

คอมเมนท์ทรัพยากรรายการนี้
  คอมเมนท์: เล่ห์รักแผนพิชิตห..


 Copyright 2026. Bcnsprnw @Library